| 000 | 00670 a2200205 4500 | ||
|---|---|---|---|
| 020 | _a0821826972 | ||
| 020 | _a9780821826973 | ||
| 082 | 0 | 4 | _a510 |
| 090 |
_c1491 _d1491 |
||
| 100 | 1 | _aArnold, V. I. | |
| 245 | 1 | 0 |
_aMathematics : _bfrontiers and perspectives / _cV. I. Arnold, V. I. Arnold, M. Atiyah, P. Lax, B. Mazur. |
| 260 |
_a[S.l.] : _bAmer Mathematical Society, _c2000. |
||
| 300 |
_a459 p. ; _c26 cm. |
||
| 700 | 1 | _aArnold, V. I. | |
| 700 | 1 | _aAtiyah, M. | |
| 700 | 1 | _aLax, P. | |
| 700 | 1 | _aMazur, B. | |
| 942 |
_aSNS _cBK _k510 ARN |
||
| 999 |
_c30102 _d30102 |
||